Tennis quiz - Statistics

General Stats
  • This quiz has been taken 59 times
  • The average score is 5 of 15
Answer Stats
Hint Answer % Correct
Which country has won the Davis Cup a record 32 times? USA
92%
Which tournament has Rafael Nadal won 14 times? Roland Garros
83%
Who was the winner of the longest professional tennis match in history which lasted 11 hours and 5 minutes? John Isner
63%
What is the name of the most well-known tennis review system? Hawk-Eye
50%
Which player holds the record for the most women's grand slam titles? Margaret Court
48%
What is the minimum number of points required to win a mens grand slam match? 72
40%
Which company currently manufactures the balls used in the Australian Open? Dunlop
29%
How many grand slam titles did the pair win? 20
21%
Who partnered with Pam Shriver to win the most grand slam doubles titles as a team of all time? Martina Navratilova
21%
Which player holds the record for the fastest tennis serve at 263.4km/h? Sam Groth
19%
Which country hosted the most attended tennis match of all time with 51,954 fans turning up to watch Federer vs Nadal? South Africa
19%
In what year were the inaugural Wimbledon Championships? 1877
15%
Which former tennis player did Ash Barty pay homage to with the dress she wore in her successful 2021 Wimbledon campaign? Evonne Goolagong-Cawley
15%
For which drug did Maria Sharapova return a positive test for in 2016? Meldonium
6%
What nationality was former doubles world number 1 Cara Black? Zimbabwean
6%
No matching quizzes found
Score Distribution
Percent of People with Each Score
Percentile by Number Answered
Your Score History
You have not taken this quiz